000 00732nam a2200229Ia 4500
003 OSt
005 20220923212248.0
006 a|||||r|||| 00| 0
007 ta
008 220922b |||||||| |||| 00| 0 hin d
024 _a151,869
037 _cTextual
040 _aARTS
_cARTS
_bhin
041 _2hin
_ahin
082 _aDelta2y7M63x, 152H9
100 _aविवेकानन्द; जोशी, हरिवल्लभ, अनु.
_9162335
245 0 _aईशदूत ईसा
246 _aĪshadūt īsā
260 _c1949
942 _hDelta2y7M63x, 152H9
_cTEXL
_2CC
999 _c307542
_d307542